Đang tải...
ADVANCED INORGANIC CHEMISTRY
| Tác giả chính: | |
|---|---|
| Định dạng: | Printed Book |
| Được phát hành: |
NEWYORK
JOHN WILEY & SONS
1988
|
| Những chủ đề: |
| LEADER | 00591nam a2200181 4500 | ||
|---|---|---|---|
| 020 | |a 471849979 |c 14.5 | ||
| 082 | |a 546 COT | ||
| 100 | |a COTTON ALBERT F & WILKINSON GEOFFREY | ||
| 245 | |a ADVANCED INORGANIC CHEMISTRY |h ENGLISH | ||
| 250 | |||
| 260 | |a NEWYORK |b JOHN WILEY & SONS |c 1988 | ||
| 300 | |a 1455 |f HB | ||
| 500 | |a | ||
| 590 | |d Dollar 14.5 | ||
| 650 | |a ADVANCED INORGANIC CHEMISTRY | ||
| 942 | |c BK | ||
| 999 | |c 119212 |d 119212 | ||
| 952 | |0 3 |1 0 |2 ddc |4 0 |6 546_000000000000000_COT |7 0 |9 132677 |a CHE |b CHE |g 14.50 |l 0 |o 546 COT |p CHE518 |r 2019-10-15 |w 2019-10-15 |y BK | ||